| 000 | 00958nam a2200301ua 4500 | ||
|---|---|---|---|
| 003 | CO-ViMGA | ||
| 005 | 20230915225026.0 | ||
| 008 | 120314s2012 ck a jr 00110dspa d | ||
| 020 | _a9789588756264 | ||
| 040 |
_aCO-ViMGA _bspa _cCO-ViMGA |
||
| 043 | _as-ck--- | ||
| 082 | 0 | 4 |
_a948.022 _bC65 |
| 100 | 1 |
_aElsner, Hildegard. _9607 |
|
| 245 | 1 | 4 | _aLos vikingos / |
| 250 | _aEditor César A. Cardozo Tovar. | ||
| 260 |
_aBogotá : _bPanamericana Editorial, _c2012. |
||
| 300 |
_a48 p. ; _c28 cm. |
||
| 490 | 1 | _aCómo y por qué | |
| 500 | _aIncluye índice. | ||
| 534 |
_pTítulo original. : _tDie wikinger. |
||
| 650 | 1 | 4 |
_aVikingos _x Historia _v Literatura juvenil. _9608 |
| 650 | 1 | 4 |
_aVikingos _x Vida social y costumbres _v Literatura juvenil. _9609 |
| 700 | 1 |
_aCardozo Tovar, César A., _eed. _9613 |
|
| 700 | 1 |
_aRisueño, Amalia, _etr. _9612 |
|
| 700 | 1 |
_aSmirnov, Nikolai, _eil. _9610 |
|
| 700 | 1 |
_aYudin, Oleg, _eil. _9611 |
|
| 942 | _2ddc | ||
| 999 |
_c12102 _d12102 |
||